000 00348nam a22001217a 4500
082 _a526.98
_bVEA
_cL-tech, P-111
100 _aC.J. Veale
_939689
245 _aTecheometric plane-tabling and the gradient telemeter level
_cVeale, C.J.
300 _a26p.
_bill.
526 _a0
_b0
_c0
_d526_980000000000000_VEA
650 _aMCE
_9379
942 _2ddc
_cBK
999 _c544132
_d544132